Jak efektivně vést druhé : příručka sebezdokonalování pro manažery / John Adair ; [z anglického originálu ... přeložil Pavel Medek]
Record details
- ISBN: 80-85603-40-3
- Physical Description: 231 s. : il. ; 21 cm
- Edition: Vyd. 1.
- Publisher: Praha : Management Press, 1993
Search for related items by subject
| Genre: | učební texty |
Available copies
- 1 of 1 copy available at Common Catalog SPOK.
Holds
- 0 current holds with 1 total copy.
Show All Copies
| Location | Call Number / Copy Notes | Barcode | Shelving Location | Status | Due Date |
|---|---|---|---|---|---|
| Jabok Library | Soc-8.2 | 424480012548 | Odborná literatura | Available | - |
| LDR | 01212nam a2200325 4500 | ||
|---|---|---|---|
| 001 | 4595 | ||
| 003 | CZ-PrJAB | ||
| 005 | 20160407134606.0 | ||
| 007 | ta | ||
| 008 | 940426s1993 xr a 000 0 cze | ||
| 015 | . | ‡acnb000081996 | |
| 020 | . | ‡a80-85603-40-3 ‡q(brož.) : ‡cKč 110,00 | |
| 035 | . | ‡a(CZ PrNK)np9416268 | |
| 035 | . | ‡a(OCoLC)39592316 | |
| 040 | . | ‡aABA001 ‡bcze | |
| 041 | 1 | . | ‡acze ‡heng |
| 080 | . | ‡a316.6 ‡2undef | |
| 080 | . | ‡a65.01 ‡2undef | |
| 100 | 1 | . | ‡aAdair, John Eric, ‡d1934- ‡7ola2003209059 ‡4aut |
| 245 | 1 | 0. | ‡aJak efektivně vést druhé : ‡bpříručka sebezdokonalování pro manažery / ‡cJohn Adair ; [z anglického originálu ... přeložil Pavel Medek] |
| 246 | 3 | 0. | ‡aSebezdokonalování pro manažery |
| 250 | . | ‡aVyd. 1. | |
| 260 | . | ‡aPraha : ‡bManagement Press, ‡c1993 ‡e(Ostrava : ‡fOstravské tiskárny) | |
| 300 | . | ‡a231 s. : ‡bil. ; ‡c21 cm | |
| 653 | 0 | . | ‡amanažerská osobnost ‡amanažerský výcvik ‡asebezdokonalování ‡atvůrčí vedení ‡avůdčí schopnosti |
| 655 | 7. | ‡aučební texty ‡7fd133599 ‡2czenas | |
| 765 | 0 | . | ‡tEffective leadership ‡9Česky |
| 910 | . | ‡aABG312 | |
| 964 | . | ‡amanažeři - sebezdokonalování - texty studijní | |
| 964 | . | ‡amanažeři - schopnosti řídící - texty studijní | |
| 901 | . | ‡a4595 ‡bUnknown ‡c4595 ‡tbiblio | |